000 00686 a2200181 4500
999 _c8035
_d8035
010 _aENG-88312
020 _a9788175346130
_c850.00
035 _aEN-71845
037 _bDBAD / PUB
082 1 4 _a343.54087
100 _aVarshney, Neeraj
245 1 _aAnti-dumping measures under the WTO regime:
_cby Neeraj Varshney
_blaw, practice & procedure with special emphasis on Indian case-law/
260 _aNew Delhi
_bUniversal Law Publishing
_c2007
270 _aC-FF-1A, Dilkhush Induatrial Estate, Opp. Hans Cinema, G. T. Karnal Raod, Azadpur
_bDelhi
_e110 033
300 _axxxv, 592p.
_c24cm ( Hb)
500 _aIncludes index
942 _adpl
_cEN
_2ddc
_h343.54087
_mVAR